00417nam a2200157Ia 45000010006000000050017000060080041000230410008000640820021000721000029000932450084001222600009002063000028002156500008002436540008002511456620260306164923.0260306t2012||||xx |||||||||||||| ||spa|| aESP a515.33bA68 V. 1 aArce Carrasco, AbeleAUT 0aCalculo diferencial e integral i [sic] matemática básica:bsus aplicaciones c2012 a409 páginas :c21 cm. aGEN aCMA